Zriaďovanie konzervárenských prevádzok : Stroje a linky pre konzervárenský priemysel

Na minha lista:
Detalhes bibliográficos
Autor principal: Klempa, Štefan (Author)
Formato: Livro
Idioma:eslovaco
Publicado em: Bratislava : SVŠT v Bratislave, 1985
Tags: Adicionar Tag
Sem tags, seja o primeiro a adicionar uma tag!

MARC

LEADER 00000nam a22000003a 4500
001 stu61404
005 20150617225650.9
008 011011s1985----cs------------------slo-d
040 |a STU  |b slo 
041 0 |a slo 
044 |a cs 
080 |a 664.8.013(075.8)  |7 stu_us_auth*stu8955 
100 1 |a Klempa, Štefan  |4 aut 
245 1 |a Zriaďovanie konzervárenských prevádzok :  |b Stroje a linky pre konzervárenský priemysel 
260 |a Bratislava :  |b SVŠT v Bratislave,  |c 1985 
300 |a 142 s. Obr.,lit 
500 |a (Dočasná vysokoškolská učebnica) 
996 |b 284C019656  |c C*73031  |l CCI  |s A  |a 24  |w stu61404_0001 
996 |b 284C019657  |c C*73032  |l CCI  |s A  |a 24  |w stu61404_0002